<?xml version="1.0" encoding="UTF-8"?>
<collection xmlns="http://www.loc.gov/MARC21/slim">
 <record>
  <leader>     na                 </leader>
  <controlfield tag="001">INLIS000000000694571</controlfield>
  <controlfield tag="005">20220831024925</controlfield>
  <datafield tag="035" ind1=" " ind2=" ">
   <subfield code="a">0010-0822000104</subfield>
  </datafield>
  <controlfield tag="007">ta</controlfield>
  <controlfield tag="008">220831                           0 ind  </controlfield>
  <datafield tag="040" ind1=" " ind2=" ">
   <subfield code="a">JIPUBAY</subfield>
  </datafield>
  <datafield tag="100" ind1="0" ind2=" ">
   <subfield code="a">Silvia Hidayat</subfield>
  </datafield>
  <datafield tag="245" ind1="1" ind2=" ">
   <subfield code="a">Tips mencegah gagal ginjal :</subfield>
   <subfield code="b">merawat dan mencegah gagal ginjal /</subfield>
   <subfield code="c">dr. Silvia Hidayat</subfield>
  </datafield>
  <datafield tag="250" ind1=" " ind2=" ">
   <subfield code="a">Cet. I</subfield>
  </datafield>
  <datafield tag="300" ind1=" " ind2=" ">
   <subfield code="a">88 hlm ;</subfield>
   <subfield code="c">21 cm</subfield>
  </datafield>
  <datafield tag="020" ind1=" " ind2=" ">
   <subfield code="a">978-623-97044-1-4</subfield>
  </datafield>
  <datafield tag="082" ind1=" " ind2=" ">
   <subfield code="a">616.61</subfield>
  </datafield>
  <datafield tag="084" ind1=" " ind2=" ">
   <subfield code="a">616.61 SIL t</subfield>
  </datafield>
  <datafield tag="260" ind1=" " ind2=" ">
   <subfield code="a">Yogyakarta :</subfield>
   <subfield code="b">New Vita Pustaka,</subfield>
   <subfield code="c">2021</subfield>
  </datafield>
  <datafield tag="500" ind1=" " ind2=" ">
   <subfield code="a">Dalam buku ini dikupas mengenai apa itu gagal ginjal dan bagaimana penyakit ini ditundukkan. Sering orang takut pada pengyakit karena kurangnya pemahaman akan penyakit itu. Orang takut karena ia mendapat informasi yang salah mengenai penyakit. Buku ini memberikan informasi yangAnda butuhkan seputar gangguan ginjal.</subfield>
  </datafield>
  <datafield tag="650" ind1=" " ind2="4">
   <subfield code="a">Ginjal - Penyakit</subfield>
  </datafield>
  <datafield tag="850" ind1=" " ind2=" ">
   <subfield code="a">JIPUBAY</subfield>
  </datafield>
 </record>
</collection>
